路線距離が100km以上のJR路線サドンデス - Statistics

General Stats
  • This quiz has been taken 479 times
  • The average score is 4 of 15
Answers on the Grid
Answers color-coded by a green-red scale on the quiz's grid according to % correct below.
石勝線
五能線
花輪線
山田線
釜石線
陸羽東線
只見線
水郡線
越後線
飯山線
小海線
総武本線
内房線
外房線
成田線
八高線
身延線
小浜線
福知山線
和歌山線
伯備線
呉線
芸備線
山口線
牟岐線
筑豊本線
豊肥本線
久大本線
肥薩線
指宿枕崎線
 
Answer Stats
Answer % Correct
五能線
41%
総武本線
40%
石勝線
35%
只見線
34%
久大本線
33%
水郡線
32%
豊肥本線
32%
芸備線
26%
福知山線
23%
花輪線
20%
伯備線
20%
山田線
18%
内房線
13%
肥薩線
13%
成田線
12%
No matching quizzes found
Score Distribution
Percent of People with Each Score
Percentile by Number Answered
Your Score History
You have not taken this quiz